1938 1768 1207 1622 1841 1961 1064 1662 1192 1873 1550 1615 1874 1407 1404 1445 1138 1660 1719 1678 1173 1211 1354 1568 1543 1170 1259 1205 1902 1011 1596 1647 1671 1079 1589 1950 1395 1000 1035 1295 1008 1671 1251 1400 1488 1458 1870 1819 1411 1931 1655 1762 1041 1800 1330 1655 1561 1606 1202 1966 1419 1775 1528 1829 1491 1939 1639 1196 1462 1757 1090 1130 1738 1464 1743 1631 1853 1450 1999 1320 1038 1635 1959 1358 1827 1212 1527 1569 1079 1205 1463 1984 1241 1697 1713 1730 1275 1429 1196 BCNSPRNW ULIB Ver.6.0+V

เปลี่ยนเป็นภาษาไทย

Change to English
 แสดงรายละเอียดบรรณานุกรม
  กลับหน้าหลัก

Brief Record : Get Marc (ISO 2709) : E-mail record : QR code < ปิดหน้าต่าง
LEADER : 00000nam 2200000uu 4500
001    13399120741
003     ULIB
008    121005s2550||||th 000 0 tha d
020    ^a9749396014
020    ^a9789749396018
050  4 ^aBQ4302^bบ747ก ล.4 2550
100 0  ^aบูรพา ผดุงไทย
245 10 ^aเกิดแต่กรรม 4 กับแม่ชีทศพร^cบูรพา ผดุงไทย
250    ^aพิมพ์ครั้งที่ 11
260    ^aกรุงเทพฯ :^bบีพลัส,^c2550
300    ^a159 หน้า^bภาพประกอบสีบางภาพ
650  7 ^aกรรม
945    ^p160^l0^i14920
995    ^aวิภา
999 ^a ใช้งานได้ทุกระบบ
รายการนี้ยังไม่มีแท็ก
คุณยังไม่ได้ล็อกอิน คุณสามารถมีกิจกรรมร่วมกับเว็บไซต์ได้ แต่ต้องล็อกอินก่อน ::
  ล็อกอิน

รายการสื่อสารสนเทศ

ลำดับที่ ประเภท เลขเรียก/บาร์โค้ด สถานที่ สถานะ
1. วิทยาศาสตร์การแพทย์ และสุขภาพ
วิทยาศาสตร์การแพทย์ และสุขภาพ
BQ4302 บ747ก ล.4 2550  
  Barcode: 14920
ห้องสมุดวิทยาเขตสวรรค์ประชารักษ์
►หนังสือทั่วไป
บนชั้น

รายการใกล้เคียง
    ผู้แต่ง [บูรพา ผดุงไทย]

    หัวเรื่อง [กรรม]

BibComment


ยังไม่เคยถูกคอมเมนท์

คอมเมนท์ทรัพยากรรายการนี้
  คอมเมนท์: เกิดแต่กรรม 4 กั..


 Copyright 2026. Bcnsprnw @Library